Men I Trust Discography - Statistics

General Stats
  • This quiz has been taken 7 times
  • The average score is 41 of 137
Answer Stats
Hint Answer % Correct
_______(Single, 2016) Humming Man
75%
Oncle Jazz Pines
75%
_______(Single, 2018) Seven
75%
Oncle Jazz Seven (Album V)
75%
Forever Live Sessions Seven - Garage Session
75%
Live at RBC Echo Beach Seven - Live at RBC Echo Beach
75%
_______(Single, 2018) Show Me How
75%
Oncle Jazz Show Me How (Album V)
75%
Forever Live Sessions Show Me How - Garage Session
75%
Live at RBC Echo Beach Show Me How - Live at RBC Echo Beach
75%
_______(Single, 2017) Tailwhip
75%
Oncle Jazz Tailwhip (Album V)
75%
Forever Live Sessions Tailwhip - Live
75%
Forever Live Sessions, Vol. 2 Tailwhip - live 2025
75%
Oncle Jazz Tailwhip Revisited
75%
Untourable Album 5AM Waltz
50%
Equus Asinus All My Candles
50%
Untourable Album Always Lone
50%
Forever Live Sessions, Vol. 2 Always Lone - live
50%
_______(Single, 2022) Billie Toppy
50%
Equus Caballus Billie Toppy (2025)
50%
Forever Live Sessions, Vol. 2 Billy Toppy - live
50%
_______(Single, 2022) Girl
50%
Equus Asinus Girl (2025)
50%
Oncle Jazz Norton Commander (Album V)
50%
_______(Single, 2019) Norton Commander (All We Need)
50%
Forever Live Sessions Norton Commander - Garage Session
50%
Untourable Album Oh Dove
50%
Forever Live Sessions, Vol. 2 Oh Dove - live
50%
Oncle Jazz Oncle Jazz
50%
Forever Live Sessions, Vol. 2 Oncle Jazz - live
50%
Untourable Album Organon
50%
Oncle Jazz Poodle of Mud
50%
_______(Single, 2019) Say, Can You Hear
50%
Untourable Album Sugar
50%
Forever Live Sessions, Vol. 2 Sugar - live
50%
Live at RBC Echo Beach Sugar - Live at RBC Echo Beach
50%
_______(Single, 2017) You Deserve This
50%
Oncle Jazz You Deserve This (Album V)
50%
Forever Live Sessions You Deserve This - Live
50%
Forever Live Sessions, Vol. 2 You Deserve This - live 2025
50%
Untourable Album A Cycle (2021)
25%
Men I Trust A Cycle ft. Odile
25%
Oncle Jazz Air
25%
Oncle Jazz All Night
25%
Forever Live Sessions All Night - Garage Session
25%
Live at RBC Echo Beach All Night - Live at RBC Echo Beach
25%
Untourable Album Ante Meridiem
25%
Headroom Aquarelle
25%
Untourable Album Beluga
25%
Equus Asinus Bethlehem
25%
_______(Single, 2015) Break For Lovers ft. Helena Deland
25%
Headroom Break for Lovers ft. Helena Deland
25%
Forever Live Sessions Break for Lovers - Live
25%
Forever Live Sessions, Vol. 2 Break For Lovers - live 2025
25%
Headroom Curious Fish ft. Emmanuelle
25%
Oncle Jazz Days Go By
25%
Oncle Jazz Dorian
25%
Equus Caballus Eris (Wait)
25%
Oncle Jazz Fiero GT
25%
Forever Live Sessions, Vol. 2 Fiero GT - live
25%
Equus Asinus Frost Bite
25%
_______(Single, 2022) Hard to Let Go
25%
Equus Caballus Hard To See
25%
Equus Asinus Heavenly Flow
25%
_______(Single, 2024) Husk
25%
Equus Caballus Husk (2025)
25%
Equus Asinus I Come With Mud
25%
Equus Asinus I Don't Like Music
25%
_______(Single, 2017) I Hope to Be Around
25%
Oncle Jazz I Hope to Be Around (Album V)
25%
Forever Live Sessions I Hope to Be Around - Live
25%
Forever Live Sessions I Hope to Be Around - Live Solo
25%
Equus Caballus In My Years
25%
_______(Single, 2016) Lauren
25%
Forever Live Sessions Lauren - Live Duo
25%
_______(Single, 2020) Lucky Sue
25%
Equus Asinus Moon 2
25%
Headroom Morse Code ft. Odile, Geoffroy
25%
_______(Single, 2019) Numb
25%
Oncle Jazz Numb (Album V)
25%
Forever Live Sessions Numb - Garage Session
25%
Headroom Out in Myself ft. Emmanuelle
25%
Equus Asinus Paul's Theme
25%
Oncle Jazz Pierre
25%
Oncle Jazz Poplar Tree
25%
Oncle Jazz Porcelain
25%
Forever Live Sessions, Vol. 2 Porcelain - live
25%
Equus Asinus Purple Box
25%
_______(Single, 2023) Ring of Past
25%
Equus Caballus Ring Of Past (2025)
25%
Forever Live Sessions, Vol. 2 Ring Of Past - live
25%
Headroom Sad Organ
25%
Oncle Jazz Say Can You Hear (Album V)
25%
Forever Live Sessions Say Can You Hear - Garage Session
25%
Live at RBC Echo Beach Say Can You Hear - Live at RBC Echo Beach
25%
Untourable Album Serenade of Water
25%
Forever Live Sessions, Vol. 2 Serenade Of Water - live
25%
Oncle Jazz Slap Pie
25%
Oncle Jazz Something in Water
25%
Equus Asinus The Landkeeper
25%
_______(Single, 2021) Tides
25%
Untourable Album Tree Among Shrubs
25%
Forever Live Sessions, Vol. 2 Tree Among Shrubs - live
25%
Equus Asinus What Matters Most
25%
Equus Caballus Where I Sit
25%
Equus Caballus Worn Down
25%
Men I Trust A Closing Word ft. James
0%
Headroom Again ft. Ghostly Kisses
0%
Oncle Jazz Alright
0%
Equus Caballus Another Stone
0%
Men I Trust A Prayer ft. Odile
0%
Untourable Album Before Dawn
0%
Untourable Album Black Hole Era
0%
Equus Asinus Burrow
0%
Equus Caballus Carried Away
0%
Equus Caballus Come Back Down
0%
Men I Trust Dazed ft. Gabrielle, Geoffroy
0%
Men I Trust Endless Strive ft. Thomas
0%
Men I Trust Extatic Memoirs ft. James, Odile
0%
Oncle Jazz Found Me
0%
Forever Live Sessions Found Me - Garage Session
0%
Men I Trust Introit ft. Odile
0%
Untourable Album Lifelong Song
0%
Men I Trust Nasty Ostinato Ad Nauseam Snap Bass Caron
0%
Headroom Offertorio ft. Nicolas
0%
Men I Trust Opus
0%
_______(Single, 2016) Plain View
0%
Headroom Quiet ft. Odile
0%
Untourable Album Shoulders
0%
Untourable Album Sorbitol
0%
Headroom Space Is the Place
0%
Men I Trust Stay Tuned ft. Helena Deland
0%
Men I Trust System ft. Gabrielle, Marie-Renée
0%
Equus Caballus The Better Half
0%
Equus Caballus To Ease You
0%
Equus Asinus Unlike Anything
0%
No matching quizzes found
Score Distribution
Percent of People with Each Score
Percentile by Number Answered
Your Score History
You have not taken this quiz